Cold water fisheries in the trans-Himalayan countries
Сохранить в:
| Формат: | |
|---|---|
| Язык: | Undetermined |
| Опубликовано: |
Rome, Italy
FAO
2002
|
| Предметы: | |
| Метки: |
Добавить метку
Нет меток, Требуется 1-ая метка записи!
|
| Thư viện lưu trữ: | Trung tâm Học liệu Trường Đại học Cần Thơ |
|---|
| LEADER | 00437nam a2200157Ia 4500 | ||
|---|---|---|---|
| 001 | CTU_55835 | ||
| 008 | 210402s9999 xx 000 0 und d | ||
| 082 | |a 639 | ||
| 082 | |b C688 | ||
| 245 | 0 | |a Cold water fisheries in the trans-Himalayan countries | |
| 245 | 0 | |c Edited by T. Petr and S. B. Swar | |
| 260 | |a Rome, Italy | ||
| 260 | |b FAO | ||
| 260 | |c 2002 | ||
| 650 | |a fishery | ||
| 980 | |a Trung tâm Học liệu Trường Đại học Cần Thơ | ||